000 00581cam a22001935a 4500
001 L141452
008 071126s1972 xxka f 000 0deng d
035 _a(Sirsi) u141452
041 0 _aeng
050 0 4 _a920 $2 18
110 2 _aBernard Thorpe and Partners
_92958
245 0 0 _aPartnership in property
_b1922-1972
260 _aS.l.
_b[Bernard Thorpe & Partners
_c[1972]
300 _a56 p.
_bill.
_c23 cm.
520 _aA history of the firm of Bernard Thorpe & Partners.
651 4 _aUnited Kingdom
_y
690 _aABOUT RICS-RICS MEMBERS-CHARTERED SURVEYORS
942 _n0
999 _c107672
_d107672